| 000 | 01121cab a2200325 4500 | ||
|---|---|---|---|
| 001 | ABS51926 | ||
| 008 | 090401t1995 xxu||||| |||| 00| 0 eng d | ||
| 035 | _a(Sirsi) u51199 | ||
| 041 | _aeng | ||
| 100 | _aPugh, C. | ||
| 245 | _aInternational property cycles: how it has happened in the USA, Britain and Japan | ||
| 260 | _c1995 | ||
| 350 | _a0 | ||
| 490 |
_aProperty Review _v4(7) December 1994/January 1995, 225-228(4) |
||
| 520 | _aFrom an examination of the recent property cycles in these countries, the authors draw conclusions, notably the need for re-regulation of banking, macro-economic stability and an adequate understanding of economics by property professionals. | ||
| 650 | _aBANK LENDING | ||
| 650 | _aECONOMICS | ||
| 650 | _aGLOBAL MARKET | ||
| 650 | _aJAPAN | ||
| 650 | _aPROPERTY CRASH | ||
| 650 | _aPROPERTY CYCLES | ||
| 650 | _aPROPERTY FINANCE | ||
| 650 | _aPROPERTY MARKET | ||
| 650 | _aUNITED STATES | ||
| 690 | _aPROPERTY-COMMERCIAL PROPERTY-COMMERCIAL PROPERTY MARKET | ||
| 690 | _aECONOMIC AND SOCIAL | ||
| 700 | _aDehesh, A. | ||
| 942 | _n0 | ||
| 948 | _c04/03/1997 | ||
| 999 |
_c31899 _d31899 |
||